V. Mečiar: "Prekročili sme hranicu, za ktorou už nemožno mlčať"

Bibliographic Details
Main Author: Mečiar, Vladimír, 1942- (Author)
Format: Article
Language:Slovak
Subjects:

MARC

LEADER 00000nab a2200000 a 4500
001 vtls000542178
003 SK-MaSNL
005 20260426071428.0
008 150430c1995 xo 0 slo
015 |a SNBRB19rr/mm-uuuuu 
035 |a CL0542316 
040 |a SNKBUCL  |b slo  |c SNKBUCL  |e AACR2 
041 0 |a slo 
044 |a xo  |c SK 
080 |a 328.1(437.6)  |2 1981 
080 |a 323(437.6)  |2 1981 
100 1 |a Mečiar, Vladimír,  |d 1942-  |4 aut  |9 10144 
245 1 0 |a V. Mečiar: "Prekročili sme hranicu, za ktorou už nemožno mlčať"  |c Vladimír Mečiar 
610 1 7 |a Slovensko.  |b Národná rada  |2 snkbucl  |9 165573 
650 0 7 |a vnútorná politika  |2 snkbucl  |9 970 
651 7 |a Slovensko  |2 snkbucl  |9 14231 
655 7 |a články z novín a časopisov  |2 snkbucl  |9 267496 
773 0 |t Národná obroda  |g Roč. 6, č. 81 (6. 4. 1995), s. 1-2 
850 |a Slovenská národná knižnica v Martine  |a MTA001 
852 |a SNK  |b KIS3GCP 
958 |a RK 
958 |a SK 
992 |a RBX 
999 |c 2678421  |d 2680351